[Event "13th Foxwoods Open"]
[Site "Mashantucket, CT"]
[Date "2019.04.21"]
[Round "9.2"]
[White "Shimanov, Aleksandr"]
[Black "Brodsky, David"]
[Result "1-0"]
[WhiteElo "2610"]
[BlackElo "2417"]
[PlyCount "111"]
[EventDate "2019.04.??"]
[EventType "swiss"]
[EventRounds "9"]
[EventCountry "USA"]

1. c4 e5 2. g3 Nf6 3. Bg2 d5 4. cxd5 Nxd5 5. Nc3 Nb6 6. Nf3 Nc6 7. a3 Be7 8. b4
Be6 9. Rb1 f6 10. O-O O-O 11. b5 Nd4 12. e3 Nxf3+ 13. Bxf3 Rb8 14. d4 exd4 15.
exd4 Bf7 16. a4 Nd5 17. Nxd5 Bxd5 18. Bf4 Bxf3 19. Qxf3 Bd6 20. Qd5+ Rf7 21.
Bxd6 Qxd6 22. Qxd6 cxd6 23. Rfe1 Rd7 24. a5 Kf7 25. Rbc1 d5 26. Kg2 Re8 27.
Rxe8 Kxe8 28. Kf3 Rd6 29. Rc8+ Rd8 30. Rc7 Rd7 31. Rc5 Rd6 32. Kf4 Kd7 33. f3
g6 34. h4 b6 35. axb6 axb6 36. Rc3 Ke7 37. g4 Rd7 38. g5 fxg5+ 39. hxg5 Kd8 40.
Rc6 Rf7+ 41. Kg4 Rb7 42. Rf6 Ke7 43. Kf4 Ra7 44. Rxb6 Ra3 45. Rf6 Rb3 46. b6 h6
47. Rxg6 hxg5+ 48. Ke5 Kf7 49. Rxg5 Rxb6 50. f4 Rb5 51. Rg1 Ra5 52. Rc1 Ra2 53.
Rc7+ Kg6 54. f5+ Kg5 55. Rg7+ Kh6 56. Rg1 1-0

[Event "13th Foxwoods Open"]
[Site "Mashantucket, CT"]
[Date "2019.04.21"]
[Round "9.3"]
[White "Hevia Alejano, Carlos Antonio"]
[Black "Dragun, Kamil"]
[Result "0-1"]
[WhiteElo "2470"]
[BlackElo "2585"]
[PlyCount "111"]
[EventDate "2019.04.??"]
[EventType "swiss"]
[EventRounds "9"]
[EventCountry "USA"]

1. Nf3 Nf6 2. c4 g6 3. Nc3 Bg7 4. g3 O-O 5. Bg2 d6 6. O-O e5 7. d4 Nbd7 8. e4
c6 9. h3 exd4 10. Nxd4 Re8 11. Qc2 Nc5 12. Rd1 Qe7 13. Re1 Ng4 14. hxg4 Bxd4
15. g5 Ne6 16. Qd2 a6 17. Rb1 Qd8 18. Ne2 Bg7 19. Rd1 Nc5 20. f3 Be6 21. Qc2 b5
22. Be3 Qc7 23. b3 bxc4 24. bxc4 Rab8 25. Kh2 a5 26. Nf4 Rb4 27. Nxe6 Nxe6 28.
a3 Rxb1 29. Rxb1 Bd4 30. Bxd4 Nxd4 31. Qb2 Qa7 32. Qb6 Qxb6 33. Rxb6 Re5 34. f4
Rc5 35. Rb8+ Kg7 36. Rd8 Rxc4 37. Rxd6 Nb5 38. Rd7 Nxa3 39. e5 Kf8 40. Ra7 a4
41. Ra8+ Kg7 42. Ra6 Nc2 43. Bf1 Rb4 44. Rxc6 Ne3 45. Bd3 a3 46. Ra6 Rb2+ 47.
Kh3 a2 48. Be4 h5 49. gxh6+ Kxh6 50. g4 Rd2 51. g5+ Kg7 52. Kg3 Nd1 53. Ra7 Nc3
54. Bf3 Rd7 55. Ra8 Rd4 56. Bc6 0-1

[Event "13th Foxwoods Open"]
[Site "Mashantucket, CT"]
[Date "2019.04.21"]
[Round "9.4"]
[White "Mulyar, Michael"]
[Black "Durarbayli, Vasif"]
[Result "0-1"]
[WhiteElo "2385"]
[BlackElo "2628"]
[PlyCount "66"]
[EventDate "2019.04.??"]
[EventType "swiss"]
[EventRounds "9"]
[EventCountry "USA"]

1. d4 Nf6 2. Nf3 e6 3. c4 b6 4. g3 Bb7 5. Bg2 Be7 6. O-O O-O 7. Re1 Na6 8. Nc3
Ne4 9. Nxe4 Bxe4 10. Ne5 Bxg2 11. Kxg2 c5 12. d5 Qc7 13. Nf3 exd5 14. cxd5 Rfe8
15. e4 d6 16. Bd2 Qb7 17. Bc3 b5 18. b3 Nc7 19. Qd2 b4 20. Bb2 a5 21. Qf4 a4
22. Qg4 Bf8 23. Nh4 Qc8 24. Nf5 g6 25. Rad1 axb3 26. axb3 Qd8 27. Ne3 Nb5 28.
Ra1 Rxa1 29. Bxa1 Nc3 30. Bxc3 bxc3 31. e5 Rxe5 32. Rc1 Bg7 33. Rxc3 Rg5 0-1

[Event "13th Foxwoods Open"]
[Site "Mashantucket, CT"]
[Date "2019.04.21"]
[Round "9"]
[White "Ruiz Castillo, Joshua Daniel"]
[Black "Belous, Vladimir"]
[Result "1-0"]
[WhiteElo "2460"]
[BlackElo "2520"]
[PlyCount "103"]
[EventDate "2019.04.??"]
[EventType "swiss"]
[EventRounds "9"]
[EventCountry "USA"]

1. e4 c5 2. Nf3 Nc6 3. d4 cxd4 4. Nxd4 g6 5. c4 Nf6 6. Nc3 Nxd4 7. Qxd4 d6 8.
Be3 Bg7 9. Be2 O-O 10. Qd2 a5 11. O-O a4 12. f3 Qa5 13. Rfc1 Be6 14. Rab1 Rfc8
15. b4 axb3 16. axb3 Qb4 17. Rc2 Nd7 18. Nd5 Qxd2 19. Rxd2 Bxd5 20. Rxd5 Nc5
21. Kf1 Ra3 22. Bd1 Rca8 23. e5 Bf8 24. exd6 exd6 25. Bd4 Ra2 26. b4 Nd3 27.
Bb3 Nf4 28. Bxa2 Nxd5 29. cxd5 Rxa2 30. Rc1 f5 31. Rc8 g5 32. Bf6 Kf7 33. Bxg5
Ra6 34. Be3 b5 35. Rb8 Ra1+ 36. Kf2 Rb1 37. Rxb5 Bg7 38. Rb7+ Kg6 39. Rb6 f4
40. Rxd6+ Kf5 41. Bc5 Rb2+ 42. Kf1 Bc3 43. Rb6 Rd2 44. g4+ fxg3 45. hxg3 Rxd5
46. Rh6 Rd7 47. Ke2 Rb7 48. Rh4 Be5 49. Kf2 Rd7 50. g4+ Kg6 51. Ke3 Bc3 52. Rh1
1-0

[Event "13th Foxwoods Open"]
[Site "Mashantucket, CT"]
[Date "2019.04.21"]
[Round "9"]
[White "Wang, Qibiao"]
[Black "Vazquez, Guillermo"]
[Result "1/2-1/2"]
[WhiteElo "2240"]
[BlackElo "2489"]
[PlyCount "88"]
[EventDate "2019.04.??"]
[EventType "swiss"]
[EventRounds "9"]
[EventCountry "USA"]

1. Nf3 Nf6 2. g3 d5 3. Bg2 c6 4. O-O Bf5 5. d3 e6 6. Nbd2 h6 7. b3 Be7 8. Bb2
O-O 9. c4 Bh7 10. Qc1 a5 11. a3 Nbd7 12. Bc3 c5 13. d4 dxc4 14. Nxc4 a4 15.
bxa4 Rxa4 16. Nb2 Ra6 17. Rd1 Qa8 18. dxc5 Nxc5 19. Qe3 Nce4 20. Bxf6 Bxf6 21.
Nd4 Nc5 22. Nc4 Rd8 23. Ne5 Rad6 24. Rd2 Qa4 25. Rad1 Bg6 26. f4 Bxe5 27. fxe5
R6d7 28. Nb3 Qxa3 29. Rxd7 Rxd7 30. Rxd7 Nxd7 31. Bxb7 Qb2 32. Bf3 Nxe5 33. Nd2
Bf5 34. Ne4 Nc4 35. Qc5 Qc2 36. Qc8+ Kh7 37. Nc5 Qc1+ 38. Kg2 Nd2 39. g4 Qf1+
40. Kg3 Qg1+ 41. Kh3 Qf1+ 42. Kg3 Qg1+ 43. Kh3 Nxf3 44. gxf5 Qxh2+ 1/2-1/2

[Event "13th Foxwoods Open"]
[Site "Mashantucket, CT"]
[Date "2019.04.21"]
[Round "9"]
[White "Mishra, Abhimanyu"]
[Black "Finegold, Benjamin"]
[Result "1/2-1/2"]
[WhiteElo "2251"]
[BlackElo "2487"]
[PlyCount "81"]
[EventDate "2019.04.??"]
[EventType "swiss"]
[EventRounds "9"]
[EventCountry "USA"]

1. e4 c5 2. Nf3 Nc6 3. d4 cxd4 4. Nxd4 g6 5. Nc3 Bg7 6. Be3 Nf6 7. Bc4 O-O 8.
Bb3 Re8 9. O-O d6 10. h3 Bd7 11. Qd2 Nxd4 12. Bxd4 Bc6 13. Rfe1 a5 14. a4 Nd7
15. Bxg7 Kxg7 16. Bc4 Rc8 17. Bb5 Kg8 18. b3 Bxb5 19. Nxb5 Qb6 20. Rad1 Ne5 21.
c3 Nc6 22. Qe3 Qxe3 23. Rxe3 Rf8 24. Rd5 Kg7 25. f4 f5 26. exf5 Rxf5 27. Rxf5
gxf5 28. Kf2 h5 29. g3 Kf6 30. Rd3 Nd8 31. Nd4 Ne6 32. Nxe6 Kxe6 33. c4 b6 34.
Rd5 Rc5 35. Rxc5 bxc5 36. h4 d5 37. Ke3 d4+ 38. Kd3 Kd6 39. Kd2 e5 40. Kd3 e4+
41. Kd2 1/2-1/2

[Event "13th Foxwoods Open"]
[Site "Mashantucket, CT"]
[Date "2019.04.21"]
[Round "9"]
[White "Paul, Justin"]
[Black "Sinha, Sahil"]
[Result "0-1"]
[WhiteElo "2210"]
[BlackElo "2265"]
[PlyCount "66"]
[EventDate "2019.04.??"]
[EventType "swiss"]
[EventRounds "9"]
[EventCountry "USA"]

1. e4 c5 2. Nf3 d6 3. d4 cxd4 4. Nxd4 Nf6 5. Nc3 Nc6 6. Bg5 e6 7. Qd2 a6 8.
O-O-O Bd7 9. f4 Be7 10. Be2 b5 11. Bf3 Rc8 12. Bxf6 gxf6 13. f5 Nxd4 14. Qxd4
Rc5 15. Bh5 Kf8 16. Rhe1 Re5 17. a3 a5 18. g4 Kg7 19. Rd3 Qb8 20. g5 fxg5 21.
f6+ Bxf6 22. Qf2 g4 23. Rf1 Bg5+ 24. Kb1 Rf8 25. Bxg4 b4 26. Ne2 bxa3 27. Rxa3
Rb5 28. Ka1 f5 29. Bh5 Bf6 30. Nf4 Bxb2+ 31. Ka2 Bxa3 32. Qg3+ Kh8 33. Kxa3 Rb4
0-1

[Event "13th Foxwoods Open"]
[Site "Mashantucket, CT"]
[Date "2019.04.21"]
[Round "9"]
[White "Times, Lawyer"]
[Black "Samadashvili, Martha"]
[Result "0-1"]
[WhiteElo "2118"]
[BlackElo "2089"]
[PlyCount "54"]
[EventDate "2019.04.??"]
[EventType "swiss"]
[EventRounds "9"]
[EventCountry "USA"]

1. d4 Nf6 2. Nf3 d5 3. e3 Bg4 4. h3 Bh5 5. g4 Bg6 6. Ne5 Nfd7 7. Nxg6 hxg6 8.
c4 dxc4 9. Bxc4 Nb6 10. Bb3 e6 11. Qf3 c6 12. Nc3 Na6 13. a3 Nc7 14. O-O Qh4
15. Kg2 O-O-O 16. Rh1 Qf6 17. Qe2 Nbd5 18. Ne4 Qh4 19. f4 Be7 20. Bd2 g5 21.
fxg5 Bxg5 22. Raf1 Bf6 23. Ng3 Ne7 24. Nh5 Nf5 25. Qf2 Rxh5 26. gxf5 Rg5+ 27.
Kh2 Be5+ 0-1

[Event "13th Foxwoods Open"]
[Site "Mashantucket, CT"]
[Date "2019.04.21"]
[Round "9"]
[White "Bragg, David"]
[Black "Yanayt, Eugene"]
[Result "0-1"]
[WhiteElo "2051"]
[BlackElo "2268"]
[PlyCount "40"]
[EventDate "2019.04.??"]
[EventType "swiss"]
[EventRounds "9"]
[EventCountry "USA"]

1. d4 Nf6 2. c4 g6 3. Nc3 Bg7 4. e4 d6 5. h3 O-O 6. Nge2 a6 7. g4 c5 8. dxc5
Qa5 9. cxd6 exd6 10. Bd2 Nbd7 11. g5 Ne5 12. Ng3 Nfd7 13. Rb1 f5 14. Nd5 Qxa2
15. Nc3 Nf3+ 16. Qxf3 Bxc3 17. Rd1 Bxd2+ 18. Rxd2 f4 19. Ne2 Ne5 20. Qc3 Qb1+
0-1

[Event "13th Foxwoods Open"]
[Site "Mashantucket, CT"]
[Date "2019.04.21"]
[Round "9"]
[White "Weeramantry, Sunil"]
[Black "Sandler, Leonid"]
[Result "1-0"]
[WhiteElo "2047"]
[BlackElo "2223"]
[PlyCount "77"]
[EventDate "2019.04.??"]
[EventType "swiss"]
[EventRounds "9"]
[EventCountry "USA"]

1. e4 c5 2. Nc3 Nc6 3. f4 g6 4. Nf3 Bg7 5. Bb5 d6 6. Bxc6+ bxc6 7. d3 Nf6 8.
O-O O-O 9. Qe1 Rb8 10. Qh4 e6 11. f5 exf5 12. Bg5 Rxb2 13. Rf2 h6 14. Bxh6 Bxh6
15. Qxh6 Ng4 16. Qc1 Rb8 17. Rf1 Qf6 18. Qd2 Kg7 19. Rae1 f4 20. Ne2 Ne3 21.
Rf2 g5 22. Nxg5 Qxg5 23. Nxf4 Rh8 24. Qxe3 Qh4 25. g3 Qe7 26. Ng2 Rh5 27. Ref1
Be6 28. Nf4 Rhh8 29. Qf3 Rh6 30. Nxe6+ fxe6 31. Qf7+ Qxf7 32. Rxf7+ Kg8 33.
Rxa7 Rb2 34. Rf2 Rh7 35. Ra8+ Kg7 36. Ra6 Kg6 37. Rxc6 Rxa2 38. Rxd6 Re7 39.
Kg2 1-0

[Event "13th Foxwoods Open"]
[Site "Mashantucket, CT"]
[Date "2019.04.21"]
[Round "9"]
[White "Aramil, William"]
[Black "Poliannikov, Danila"]
[Result "1-0"]
[WhiteElo "2201"]
[BlackElo "1930"]
[PlyCount "93"]
[EventDate "2019.04.??"]
[EventType "swiss"]
[EventRounds "9"]
[EventCountry "USA"]

1. Nf3 Nf6 2. b3 g6 3. Bb2 Bg7 4. g3 O-O 5. Bg2 d6 6. d4 Nfd7 7. O-O e5 8. e3
Nc6 9. c4 Qe7 10. Nc3 f5 11. Nd5 Qd8 12. dxe5 dxe5 13. Qc2 e4 14. Nd4 Nde5 15.
Nxc6 bxc6 16. Nf4 g5 17. Rad1 Qe8 18. Bxe5 Bxe5 19. Ne2 g4 20. Rd2 Be6 21. Rfd1
c5 22. Nf4 a5 23. Nxe6 Qxe6 24. Rd5 Bd6 25. Bf1 Qh6 26. a3 Rab8 27. Rb1 Qe6 28.
Qd2 Qe7 29. Qxa5 c6 30. Rdd1 Ra8 31. Qd2 Rfd8 32. Qc2 Rxa3 33. b4 Rda8 34. b5
Ra2 35. Rb2 Rxb2 36. Qxb2 Rc8 37. bxc6 Rxc6 38. Rd5 Qe6 39. Qb7 Bf8 40. Rxf5
Qxf5 41. Qxc6 Qe5 42. Qa8 Qe6 43. Qb8 h6 44. Be2 Kg7 45. Qf4 Bd6 46. Bxg4 Qg6
47. Qf5 1-0

[Event "13th Foxwoods Open"]
[Site "Mashantucket, CT"]
[Date "2019.04.21"]
[Round "9"]
[White "Narayanan, Samrug"]
[Black "Majur Juac"]
[Result "0-1"]
[WhiteElo "2172"]
[BlackElo "2088"]
[PlyCount "104"]
[EventDate "2019.04.??"]
[EventType "swiss"]
[EventRounds "9"]
[EventCountry "USA"]

1. e4 d6 2. d4 Nf6 3. Nc3 g6 4. g3 Bg7 5. Bg2 O-O 6. Nge2 Na6 7. h3 c5 8. Be3
Bd7 9. O-O Rc8 10. e5 Ne8 11. Bxb7 cxd4 12. e6 fxe6 13. Nxd4 Nc5 14. Bxc8 Bxc8
15. Nde2 Nd7 16. Bd4 Bb7 17. Bxg7 Nxg7 18. Nd4 Qb6 19. Kh2 e5 20. f3 exd4 21.
Ne4 Nf5 22. Qd2 Ne3 23. Rf2 Ne5 24. Ng5 Bxf3 25. Ne6 Qxb2 26. Re1 Rf6 27. Qxd4
Qxd4 28. Nxd4 N3g4+ 29. hxg4 Nxg4+ 30. Kg1 Nxf2 31. Kxf2 Bd5+ 32. Kg1 e5 33.
Nb5 a6 34. Nc3 Bc6 35. Ne4 Bxe4 36. Rxe4 Rf3 37. Kg2 Rc3 38. Ra4 Rxc2+ 39. Kf3
Rc6 40. Ke4 Kf7 41. Kd5 Rb6 42. Rh4 h5 43. Rc4 Kf6 44. Rc8 Rb2 45. Rc3 Rd2+ 46.
Kc6 d5 47. Ra3 e4 48. Rxa6 e3 49. Ra8 e2 50. Re8 d4 51. a4 d3 52. a5 Rd1 0-1

[Event "13th Foxwoods Open"]
[Site "Mashantucket, CT"]
[Date "2019.04.21"]
[Round "9"]
[White "Raj Shanmugasundara"]
[Black "Wofford, Matthew"]
[Result "1-0"]
[WhiteElo "2143"]
[BlackElo "1996"]
[PlyCount "101"]
[EventDate "2019.04.??"]
[EventType "swiss"]
[EventRounds "9"]
[EventCountry "USA"]

1. c4 Nf6 2. g3 g6 3. Bg2 Bg7 4. Nc3 O-O 5. Nf3 d6 6. O-O c6 7. d3 e5 8. Rb1
Na6 9. b4 Nc7 10. b5 Re8 11. bxc6 bxc6 12. Bg5 h6 13. Bxf6 Bxf6 14. Qa4 d5 15.
e4 d4 16. Ne2 Qd6 17. c5 Qd7 18. Rfc1 Ba6 19. Qa3 Bg7 20. Nd2 Bf8 21. Nc4 Bxc4
22. Rxc4 Qg4 23. f3 Qg5 24. f4 Qg4 25. Re1 Bg7 26. Kf2 exf4 27. Nxf4 Be5 28.
Qc1 Qd7 29. Bh3 Qd8 30. Kg1 Kg7 31. Rf1 Rb8 32. Qa3 Nb5 33. Qc1 Nc3 34. Qc2 Qg5
35. Kg2 Re7 36. Qf2 Kh8 37. Kh1 Reb7 38. Ng2 f6 39. Rxd4 Ne2 40. Rd7 Rb2 41.
Qe3 Rxa2 42. Nh4 Nf4 43. gxf4 Qxh4 44. fxe5 Rbb2 45. Qg3 Qxg3 46. hxg3 Rh2+ 47.
Kg1 Rxh3 48. Rxf6 Rxg3+ 49. Kf1 Kg8 50. e6 Rh3 51. Rd8+ 1-0

[Event "13th Foxwoods Open"]
[Site "Mashantucket, CT"]
[Date "2019.04.21"]
[Round "9"]
[White "Tomb, Maroun"]
[Black "Ramirez Madrid, Gerardo Alfonso"]
[Result "0-1"]
[WhiteElo "2150"]
[BlackElo "1884"]
[PlyCount "104"]
[EventDate "2019.04.??"]
[EventType "swiss"]
[EventRounds "9"]
[EventCountry "USA"]

1. e4 e6 2. d4 d5 3. Nd2 Be7 4. Ngf3 Nf6 5. e5 Nfd7 6. Bd3 c5 7. c3 Nc6 8. O-O
O-O 9. Re1 f6 10. exf6 Nxf6 11. b3 Bd6 12. Bb2 Qc7 13. Qe2 Bd7 14. Ne5 Rae8 15.
Ndf3 Re7 16. Rac1 Be8 17. h3 Nd7 18. Bb1 Bxe5 19. Nxe5 Ndxe5 20. dxe5 Bg6 21.
g3 Bxb1 22. Rxb1 Ref7 23. f4 Ne7 24. Kh2 a6 25. Bc1 Nc6 26. Be3 d4 27. cxd4
cxd4 28. Bg1 Rd8 29. Red1 Rfd7 30. Rd2 d3 31. Qg4 Re8 32. Rbd1 Nb8 33. b4 b6
34. h4 Qc6 35. h5 a5 36. bxa5 bxa5 37. Rb1 Qc3 38. Be3 Nc6 39. Qd1 Nd4 40. Kh3
Nf5 41. Bf2 a4 42. Qxa4 Red8 43. Rbd1 g5 44. g4 Ne7 45. fxg5 Qxe5 46. Qb3 Nd5
47. Bg3 Qe3 48. Kh4 Rg7 49. Qc4 Qxg5+ 50. Kh3 Rf8 51. Qe4 Nf4+ 52. Kh2 Qxg4 0-1

[Event "13th Foxwoods Open"]
[Site "Mashantucket, CT"]
[Date "2019.04.21"]
[Round "9"]
[White "Murthy, Pappu"]
[Black "Kumar, Naman"]
[Result "1-0"]
[WhiteElo "2025"]
[BlackElo "1917"]
[PlyCount "83"]
[EventDate "2019.04.??"]
[EventType "swiss"]
[EventRounds "9"]
[EventCountry "USA"]

1. d4 Nf6 2. c4 e6 3. Nc3 Bb4 4. a3 Bxc3+ 5. bxc3 c5 6. e3 b6 7. Bd3 Bb7 8. f3
O-O 9. Ne2 d5 10. cxd5 exd5 11. O-O Qc7 12. Ng3 Nbd7 13. Ra2 Rfe8 14. Re2 Nf8
15. e4 cxd4 16. cxd4 Ne6 17. Bb5 Rec8 18. e5 Ne8 19. f4 a6 20. Bxe8 Rxe8 21. f5
Nf8 22. f6 g6 23. Rc2 Qd7 24. Bh6 Rec8 25. Bxf8 Rxc2 26. Qxc2 Kxf8 27. Qd2 Ke8
28. e6 Qc8 29. Rc1 Qd8 30. e7 Qd6 31. Qf2 Rc8 32. Rxc8+ Bxc8 33. Qf3 a5 34. h4
Ba6 35. h5 Bc4 36. hxg6 hxg6 37. Nh1 b5 38. Nf2 Qe6 39. Qf4 Qb6 40. Qh6 Kd7 41.
Qf8 Qe6 42. Qd8+ 1-0